[Event "34th Oberwart Open A"]
[Site "Oberwart AUT"]
[Date "2012.07.14"]
[Round "8.12"]
[White "Lizak,P"]
[Black "Sandhoefner,F"]
[Result "1-0"]
[WhiteElo "2438"]
[BlackElo "2228"]

1.Nf3 d5 2.g3 Nf6 3.Bg2 c6 4.c4 dxc4 5.O-O Nbd7 6.Na3 Nb6 7.Qc2 Be6 8.Ng5 Qd7
9.b3 cxb3 10.axb3 g6 11.Nc4 Bxc4 12.bxc4 Bg7 13.Bb2 O-O 14.d3 Qc7 15.Nf3 Nfd7
16.Bxg7 Kxg7 17.Qb2+ e5 18.Rfb1 Rfe8 19.Nd2 Re6 20.Qb4 c5 21.Qc3 a6 22.Ra3 f5
23.Rab3 Rf8 24.Nf1 Rff6 25.Ne3 Kf8 26.Qb2 Qc8 27.Qa1 Rd6 28.Qc3 h5 29.Qc1 Kg7
30.Nd1 Rfe6 31.Nc3 Nf6 32.Qb2 Kh6 33.Qc1+ Kg7 34.Qb2 Kh6 35.h4 e4 36.dxe4 fxe4
37.Qc1+ Kh7 38.Bh3 Ng4 39.Bxg4 hxg4 40.Nd1 Qd8 41.Ne3 Rd4 42.Nxg4 Rxc4 43.Qh6+ Kg8
44.h5 Rd4 45.hxg6 Rd7 46.Kg2 Rde7 47.Rh1 Qd4 48.Qg5 c4 49.Nh6+ Kf8 50.Nf5 Qf6
51.Qxf6+  1-0

[Event "7th Nana Aleksandria Cup"]
[Site "Poti GEO"]
[Date "2012.07.14"]
[Round "1.2"]
[White "Azaladze,S"]
[Black "Mangiashvili,O"]
[Result "1-0"]
[WhiteElo "2484"]
[BlackElo "1874"]

1.Nf3 d5 2.g3 Nf6 3.Bg2 c5 4.O-O Nc6 5.d3 e5 6.Bg5 Be7 7.Nfd2 O-O 8.c4 d4
9.Na3 Be6 10.Nc2 Qd7 11.Re1 Ne8 12.Bxe7 Qxe7 13.a3 a5 14.e3 Nd6 15.exd4 exd4
16.Qh5 Nf5 17.Bxc6 g6 18.Qf3 bxc6 19.Qxc6 Rfc8 20.Qf3 Rab8 21.Rab1 a4 22.Qf4 Nd6
23.Qe5 Qd8 24.f3 Bf5 25.Ne4 Nxe4 26.fxe4 Be6 27.Na1 Qa5 28.Re2 Rb7 29.Nc2 Rcb8
30.Nxd4 Bg4 31.Rf2 Qb6 32.Nb5 Rd8 33.Nc3 Rxd3 34.Nd5 Qe6 35.Nf6+ Kf8 36.Nxh7+ Kg8
37.Nf6+ Kf8 38.Qf4 Bd1 39.Qh6+ Ke7 40.Nd5+  1-0

[Event "Maria Albulet Memorial 2012"]
[Site "Braila ROU"]
[Date "2012.07.15"]
[Round "2"]
[White "Erdos,B"]
[Black "Cosma,E"]
[Result "0-1"]
[WhiteElo "2175"]
[BlackElo "2343"]

1.Nf3 d5 2.g3 Nf6 3.Bg2 c5 4.O-O Nc6 5.d4 e6 6.c4 dxc4 7.dxc5 Qxd1 8.Rxd1 Bxc5
9.Nbd2 O-O 10.Nxc4 Ng4 11.e3 Rb8 12.a4 b6 13.b3 Bb7 14.Bb2 Rbd8 15.Nfd2 Nf6
16.Rac1 Nd5 17.Ne4 Bb4 18.Ng5 h6 19.Nf3 Ba8 20.Nd4 Nxd4 21.Rxd4 Be7 22.Rg4 Nf6
23.Rd4 Bxg2 24.Kxg2 Rc8 25.Rcd1 Bc5 26.R4d3 Nd5 27.Ne5 Bb4 28.Nc4 Bc5 29.e4 Nb4
30.Rd7 Nc6 31.e5 Rfd8 32.f4 Rxd7 33.Rxd7 Na5 34.Nd2 Bb4 35.Nc4 Nxb3 36.Ne3 a5
37.Kh3 Nc5 38.Ra7 Nxa4 39.Bd4 Bc3 40.Bxc3 Rxc3 41.Ng4 h5 42.Nf2 Nc5 43.Nd1 Rb3
44.Kh4 Rd3 45.Nf2 Rd2 46.Nh3 Rxh2 47.g4 Ne4 48.gxh5 Nf2 49.Kg3 Rxh3+ 50.Kxf2 Rxh5
51.Ra6 Rh2+ 52.Kg3 Rb2 53.Kg4 g6 54.Kg5 Kg7 55.Kg4 Rb1 56.Kg5  0-1

[Event "119th ch-SCO 2012"]
[Site "Glasgow SCO"]
[Date "2012.07.15"]
[Round "9.5"]
[White "Ruck,R1"]
[Black "Brunello,M"]
[Result "1-0"]
[WhiteElo "2569"]
[BlackElo "2240"]

1.Nf3 d5 2.g3 Nf6 3.Bg2 c6 4.O-O Bg4 5.c4 e6 6.d3 Nbd7 7.cxd5 cxd5 8.Qb3 Qb6
9.Qxb6 Nxb6 10.Nc3 Bc5 11.Bf4 O-O 12.Rac1 Nbd7 13.Rc2 Rfc8 14.Rfc1 Rc6 15.Na4 Rac8
16.Nxc5 Rxc5 17.Rxc5 Rxc5 18.Rxc5 Nxc5 19.Nd4 Nfd7 20.h3 Bh5 21.g4 Bg6 22.Bd6 Na4
23.f4 Nxb2 24.f5 exf5 25.gxf5 Bh5 26.Bxd5 b6 27.Kf2 Nd1+ 28.Ke1 Ne3 29.Bc6 Nf6
30.Kd2 Nf1+ 31.Kc3 Ne3 32.Kd2 Nf1+ 33.Ke1 Ne3 34.Bb8 a6 35.Kd2 Nf1+ 36.Ke1 Ne3
37.Bb7 a5 38.Kd2 Nf1+ 39.Ke1 Ne3 40.Bc7 Nfd5 41.Bd8 f6 42.Bc6 Bf7 43.a3 g6
44.fxg6 hxg6 45.Kf2 Kg7 46.Bxb6 Nd1+ 47.Ke1 Nxb6 48.Kxd1 Nd5 49.Bxd5 Bxd5
50.Ke1 f5 51.e3 Kf6 52.h4 g5 53.hxg5+ Kxg5 54.Kf2 Kg4 55.Ne2 Bc6 56.Nf4 Be8
57.d4 Bb5 58.Ne6 Bc6 59.Nc5 Bd5 60.Nd3 Bb7 61.Ne5+ Kg5 62.Kg3 Be4 63.Nf7+ Kf6
64.Nd6 Bc2 65.Nb7 a4 66.Nc5 Ke7 67.Kf3 Kd6 68.Ke2 Kd5 69.Kd2 Bb3 70.Nxb3 axb3
71.a4 Kc4 72.a5 b2 73.Kc2 Kb5 74.Kxb2 Kxa5 75.Kb3 Kb5 76.Kc3  1-0

[Event "Corporation Centre Cup A"]
[Site "Izhevsk RUS"]
[Date "2012.07.15"]
[Round "1"]
[White "Bezgodova,S"]
[Black "Predke,A"]
[Result "0-1"]
[WhiteElo "2118"]
[BlackElo "2464"]

1.Nf3 d5 2.g3 Bg4 3.Bg2 c6 4.O-O Nd7 5.c4 Bxf3 6.Bxf3 Ne5 7.Bg2 Nxc4 8.d3 Nb6
9.Nc3 Nf6 10.Qb3 e6 11.a4 a5 12.e4 Be7 13.Bh3 O-O 14.f4 dxe4 15.dxe4 Qd4+
16.Kh1 Nxe4 17.Nxe4 Qxe4+ 18.Bg2 Qb4 19.Qc2 Rad8 20.b3 Qd4 21.f5 Qxa1 22.Bb2 Qxf1+
23.Bxf1 exf5 24.Qxf5 Nd5 25.Bd3 g6 26.Qf3 Bf6 27.Bxf6 Nxf6 28.Bc4 Nd5 29.h4 Rfe8
30.h5 Re5 31.g4 gxh5 32.gxh5 h6 33.Kg1 Rd6 34.Kh2 Rf6 35.Qg4+ Rg5 36.Qc8+ Kg7
37.Qxb7 Rf2+ 38.Kh1 Rf4  0-1

[Event "7th Nana Aleksandria Cup"]
[Site "Poti GEO"]
[Date "2012.07.15"]
[Round "2.10"]
[White "Iskandarov,M"]
[Black "Vinod,G"]
[Result "0-1"]
[WhiteElo "2384"]
[BlackElo "2047"]

1.Nf3 d5 2.g3 Bg4 3.Bg2 c6 4.c4 e6 5.O-O Nd7 6.b3 Ngf6 7.Bb2 Bd6 8.d3 Bxf3
9.Bxf3 h5 10.e4 dxe4 11.dxe4 Ne5 12.Bg2 h4 13.Nd2 hxg3 14.hxg3 Nd3 15.Bc3 Bxg3
16.Nf3 Nxe4 17.Be1 Qd6 18.c5 Bh2+ 19.Kh1 Ng3+ 20.fxg3 Bxg3+ 21.Bh3 Rxh3+
22.Kg2 Nf4+  0-1

[Event "7th Nana Aleksandria Cup"]
[Site "Poti GEO"]
[Date "2012.07.15"]
[Round "2.10"]
[White "Iskandarov,M"]
[Black "Vinod,G"]
[Result "0-1"]
[WhiteElo "2384"]
[BlackElo "2047"]

1.Nf3 d5 2.g3 Bg4 3.Bg2 c6 4.c4 e6 5.O-O Nd7 6.b3 Ngf6 7.Bb2 Bd6 8.d3 Bxf3
9.Bxf3 h5 10.e4 dxe4 11.dxe4 Ne5 12.Bg2 h4 13.Nd2 hxg3 14.hxg3 Nd3 15.Bc3 Bxg3
16.Nf3 Nxe4 17.Re1 Qd6 18.c5 Bh2+ 19.Kh1 Ng3+ 20.fxg3 Bxg3+ 21.Bh3 Rxh3+
22.Kg2 Nf4+  0-1

[Event "11th Condom Open A"]
[Site "Condom FRA"]
[Date "2012.07.16"]
[Round "4.2"]
[White "Petre,NT"]
[Black "Dumitrache,D"]
[Result "1/2-1/2"]
[WhiteElo "2362"]
[BlackElo "2447"]

1.Nf3 d5 2.g3 c6 3.Bg2 Bg4 4.O-O Nd7 5.d4 Ngf6 6.Nbd2 e6 7.c4 Bd6 8.b3 O-O
9.Bb2 Qb8 10.Re1 a5 11.a3 b5  1/2-1/2

[Event "ch-SUI Hauptturnier 1 2012"]
[Site "Flims SUI"]
[Date "2012.07.16"]
[Round "5"]
[White "Deuber,R"]
[Black "Grandadam,P"]
[Result "0-1"]
[WhiteElo "2032"]
[BlackElo "2215"]

1.Nf3 d5 2.g3 Bg4 3.Bg2 Nd7 4.d4 e6 5.O-O b5 6.a4 a6 7.Nbd2 Ngf6 8.Qe1 Bf5
9.c3 Bc2 10.a5 c5 11.b3 Rc8 12.Ra2 Bg6 13.c4 bxc4 14.bxc4 dxc4 15.Nxc4 cxd4
16.Nfe5 Be4 17.Bxe4 Nxe5 18.Nxe5 Nxe4 19.Ra4 Nc3 20.Rc4 Rxc4 21.Nxc4 Qd5
22.Nb2 Bb4 23.Bd2 Bxa5 24.e3 Qf3 25.h3 dxe3 26.Qxe3 Qxe3 27.Bxe3 Bb4 28.Ra1 a5
29.Bb6 O-O 30.Bxa5 Ra8 31.Nc4 f6 32.Kg2 e5 33.Kf3 Nb5 34.Ke2 Nd4+ 35.Kd3 Nc6  0-1

[Event "Turkish Bank Chess League 2012"]
[Site "Konya TUR"]
[Date "2012.07.16"]
[Round "7"]
[White "Galkin,A"]
[Black "Yilmaz,M"]
[Result "1-0"]
[WhiteElo "2615"]
[BlackElo "2543"]

1.g3 d5 2.Nf3 Bg4 3.Bg2 Nd7 4.c4 e6 5.cxd5 exd5 6.d4 Bd6 7.Qb3 Nb6 8.Nc3 c6
9.O-O Nf6 10.a4 Rb8 11.Ne5 Be6 12.f4 Qc8 13.a5 Na8 14.f5 Bxf5 15.e4 Bxe5
16.dxe5 Nxe4 17.Bxe4 dxe4 18.Be3 c5 19.Rxf5 Qxf5 20.Bxc5 Qe6 21.Qb4 Nc7 22.Bd6 Na6
23.Qxe4 f5 24.Qf3 Kf7 25.Ne2 Rhe8 26.Nd4 Qc4 27.Nxf5 Kg8 28.Rf1 Qe6 29.Bxb8 Rxb8
30.Qg4  1-0

[Event "XXI TCh-MKD 2012"]
[Site "Struga MKD"]
[Date "2012.07.16"]
[Round "1.3"]
[White "Bogdanovski,V"]
[Black "Stojcevski,Z"]
[Result "1-0"]
[WhiteElo "2454"]
[BlackElo "2312"]

1.Nf3 d5 2.g3 Nc6 3.d4 Bg4 4.Bg2 Qd7 5.c4 dxc4 6.d5 O-O-O 7.Nc3 Bxf3 8.Bxf3 Ne5
9.Qd4 Nxf3+ 10.exf3 Kb8 11.Be3 b6 12.Qxc4 e6 13.O-O-O Bd6 14.Bg5 exd5 15.Nxd5 f6
16.Bf4 Ne7 17.Nb4 a5 18.Bxd6 cxd6 19.Nc2 d5 20.Qb3 Kb7 21.Rhe1 Rc8 22.Kb1 Rhe8
23.a3 h5 24.Ka1 Rcd8 25.Nd4 Ng6 26.f4 Rxe1 27.Rxe1 Rc8 28.Re6 Rc1+ 29.Ka2 Qd8
30.Nb5 Rc5 31.Nd6+ Ka7 32.Nb5+ Kb7 33.Nc3 Nf8 34.Re1 d4 35.Ne4 Rd5 36.Nd2 Ng6
37.Nc4 a4 38.Qxa4 d3 39.Re8  1-0

[Event "FSIM July 2012"]
[Site "Budapest HUN"]
[Date "2012.07.17"]
[Round "11.1"]
[White "To,N"]
[Black "Szabo,Ben"]
[Result "1/2-1/2"]
[WhiteElo "2305"]
[BlackElo "2336"]

1.Nf3 d5 2.g3 g6 3.Bg2 Bg7 4.d4 Nf6 5.O-O O-O 6.c4 c6 7.cxd5 cxd5 8.Ne5 Nc6
9.Nc3 e6 10.Nxc6 bxc6 11.b3 Qa5 12.Na4 Nd7 13.Ba3 Re8  1/2-1/2

[Event "72nd ch-ITA S/F 2012"]
[Site "Civitanova Marche ITA"]
[Date "2012.07.17"]
[Round "4"]
[White "Collutiis,D"]
[Black "Sibilio,M"]
[Result "1/2-1/2"]
[WhiteElo "2508"]
[BlackElo "2352"]

1.g3 d5 2.Nf3 Nf6 3.Bg2 c6 4.c4 dxc4 5.O-O Bf5 6.Na3 Nbd7 7.Nxc4 e6 8.d3 Be7
9.b4 O-O 10.Rb1 Rc8 11.b5 cxb5 12.Rxb5 Nc5 13.Nfe5 Nd5 14.Bd2 f6 15.Nf3 Nc7
16.Rb1 b6 17.Ne3 Bg6 18.Bc3 N7a6 19.Qd2 Qd7 20.Nh4 Bf7 21.d4 Na4 22.Ba1 Nc7
23.Bb7 Rb8 24.Be4 Nd5 25.Nxd5 exd5 26.Bd3 b5 27.Qc2 g6 28.Bxb5 Rxb5 29.Qxa4 Be8
30.Rxb5 Qxb5 31.Qxa7 Bd6 32.a4 Qxa4 33.Qxa4 Bxa4 34.Ng2 Bb5 35.Re1 Kf7 36.Nf4 Bxf4
37.gxf4 Ra8 38.Bc3 Ra2 39.e3 Rc2 40.Bb4 Rb2 41.Ba5 Bd3  1/2-1/2

[Event "Corporation Centre Cup A"]
[Site "Izhevsk RUS"]
[Date "2012.07.18"]
[Round "4.11"]
[White "Lysyj,I"]
[Black "Dimukhametov,A"]
[Result "1-0"]
[WhiteElo "2632"]
[BlackElo "2355"]

1.Nf3 d5 2.g3 Nf6 3.Bg2 c6 4.O-O Bf5 5.c4 dxc4 6.Na3 b5 7.b3 cxb3 8.axb3 Be4
9.d3 Bd5 10.Bb2 g6 11.e4 Be6 12.Nd4 Bg7 13.Nxe6 fxe6 14.e5 Nd5 15.h4 O-O
16.h5 gxh5 17.Qxh5 Rf5 18.Qe2 Rg5 19.d4 Bh6 20.Nc2 Rg7 21.Qh5 Bd2 22.Rad1 Ba5
23.Bc1 Nd7 24.Bh6 Rg6 25.Qh4 Nc3 26.Rde1 Rc8 27.b4 Bb6 28.Bd2 Nd5 29.Be4 a5
30.Bxg6 hxg6 31.Kg2 Nf8 32.Rh1 axb4 33.Qh8+ Kf7 34.Bh6 b3 35.Qg7+ Ke8 36.Qxf8+ Kd7
37.Qxd8+ Rxd8 38.Na1 b2 39.Nb3 Nc3 40.Rb1 Nxb1 41.Rxb1  1-0

[Event "Turkish Bank Chess League 2012"]
[Site "Konya TUR"]
[Date "2012.07.18"]
[Round "8"]
[White "Pantsulaia,L"]
[Black "Guliev,Sarh"]
[Result "1-0"]
[WhiteElo "2557"]
[BlackElo "2467"]

1.Nf3 d5 2.g3 c6 3.c4 Nf6 4.Bg2 Bf5 5.cxd5 cxd5 6.Qb3 Qc7 7.Nc3 e6 8.d3 Nc6
9.O-O Bb4 10.a3 Bxc3 11.Qxc3 O-O 12.b4 Rfc8 13.Bb2 Bg4 14.b5 Na5 15.Qb4 Bxf3
16.Bxf3 b6 17.Rac1 Qd8 18.e4 Rxc1 19.Rxc1 dxe4 20.dxe4 Rc8 21.Rxc8 Qxc8 22.Qe7 Nc4
23.Bxf6 gxf6 24.Bh5 Ne5 25.Qxf6 Qc5 26.a4 Qd6 27.h4 Qc7 28.Kg2 Qd6 29.Kh3 Qc5
30.Qd8+ Kg7 31.Qg5+ Kf8 32.f4 Nc4 33.Qd8+ Kg7 34.e5 Qf8 35.Qc7 Ne3 36.Qxa7 Nd5
37.a5 bxa5 38.b6 Kh6 39.b7  1-0

[Event "Turkish Bank Chess League 2012"]
[Site "Konya TUR"]
[Date "2012.07.18"]
[Round "9"]
[White "Galkin,A"]
[Black "Gurevich,M"]
[Result "1/2-1/2"]
[WhiteElo "2615"]
[BlackElo "2596"]

1.Nf3 d5 2.g3 c6 3.Bg2 Bg4 4.b3 Nd7 5.Bb2 e6 6.O-O Ngf6 7.c4 Be7 8.d4 Bf5
9.Nc3 Ne4 10.e3 O-O 11.Qe2 Nxc3 12.Bxc3 a5 13.Nd2 Nf6 14.a3 Qb6 15.Rfc1 Rfc8
16.c5 Qd8 17.b4 axb4 18.axb4 Rxa1 19.Rxa1 Ra8 20.Qf1 Ne4 21.Nxe4 Bxe4 22.f3 Rxa1
23.Qxa1 Bd3  1/2-1/2

[Event "Maria Albulet Memorial 2012"]
[Site "Braila ROU"]
[Date "2012.07.19"]
[Round "8"]
[White "Erdos,B"]
[Black "Petrenko,S"]
[Result "1-0"]
[WhiteElo "2175"]
[BlackElo "2205"]

1.Nf3 d5 2.g3 g6 3.Bg2 Bg7 4.d4 Nf6 5.O-O O-O 6.c4 e6 7.Qc2 Ne4 8.Bf4 c6
9.Nc3 f5 10.Rad1 Nd7 11.Nxe4 fxe4 12.Ng5 Qe7 13.f3 Bxd4+ 14.Rxd4 e5 15.fxe4 exf4
16.gxf4 Nb6 17.cxd5 cxd5 18.e5 Bf5 19.Qb3 h6 20.Bxd5+ Nxd5 21.Qxd5+ Kh8 22.Ne4 Bh3
23.Rf3 Bg4 24.Rf2 Rac8 25.Nd6 Rc1+ 26.Rd1 Be6 27.Qd2 Rxd1+ 28.Qxd1 Rxf4 29.Qd3 Qg5+
30.Rg2 Qxe5 31.Rxg6 Qc5+ 32.e3 Qc1+ 33.Kg2 Qxb2+ 34.Kh1 Qc1+ 35.Rg1 Qc6+
36.e4 Bg4 37.Qd4+ Kh7 38.h3 Bf3+ 39.Kh2 Qc2+ 40.Kg3 Rf8 41.Nf5 Rxf5 42.Qd7+ Kh8
43.Qxf5 Bxe4 44.Qf8+ Kh7 45.Qf7+ Kh8 46.Kh4 Bg2 47.Re1 Qa4+ 48.Kg3 Bc6 49.Qf8+  1-0

[Event "Helmut-Kohls-Turnier 2012"]
[Site "Dortmund GER"]
[Date "2012.07.19"]
[Round "6"]
[White "Zaragatski,I"]
[Black "Becker,Marce"]
[Result "1-0"]
[WhiteElo "2462"]
[BlackElo "2427"]

1.Nf3 d5 2.g3 Nf6 3.Bg2 c6 4.O-O Bg4 5.c4 e6 6.cxd5 exd5 7.Qb3 Qb6 8.Qc2 Nbd7
9.Nc3 Be7 10.d3 O-O 11.e4 dxe4 12.dxe4 Bxf3 13.Bxf3 Rfe8 14.Be3 Qa5 15.a3 Ne5
16.Bg2 Rad8 17.b4 Qa6 18.Rfc1 Nfg4 19.Bf4 Nd3 20.Bf1 Qb6 21.Bxd3 Rxd3 22.Qe2 Bf6
23.Qxg4 Rxc3 24.e5 Rxc1+ 25.Rxc1 Bd8 26.Bh6 g6 27.Rd1 Qc7 28.Qd7 Qxd7 29.Rxd7 b5
30.e6 fxe6 31.Rg7+ Kh8 32.Rxa7 Bf6 33.Rc7 Bb2 34.Rxc6 Bxa3 35.Bd2 Bb2 36.Rb6 Bd4
37.Rxb5 Rf8 38.Bf4 Kg8 39.Rb8  1-0

[Event "Turkish Bank Chess League 2012"]
[Site "Konya TUR"]
[Date "2012.07.19"]
[Round "10"]
[White "Khotenashvili,B"]
[Black "Citak,S"]
[Result "1-0"]
[WhiteElo "2505"]
[BlackElo "2357"]

1.Nf3 d5 2.g3 Nf6 3.Bg2 g6 4.O-O Bg7 5.d3 O-O 6.Nbd2 c5 7.e4 Nc6 8.c3 Qc7
9.Re1 b6 10.Nf1 Rd8 11.e5 Ng4 12.d4 cxd4 13.cxd4 Nb4 14.Bg5 Qc2 15.Bxe7 Qxf2+
16.Kh1 Nc2 17.Bxd8 Nxa1 18.Qxa1 Ba6 19.Bg5 Be2 20.Ng1 Bxf1 21.Rxf1 Qxd4 22.h3 Nxe5
23.Qd1 Qxb2 24.Qxd5 Rf8 25.Nf3 Nxf3 26.Rxf3 Qe5 27.Re3 Qa1+ 28.Kh2 Bf6 29.Bxf6 Qxf6
30.Rf3 Qe7 31.h4 h5 32.Rf4 Kg7 33.Qd4+ Kh7 34.Re4 Qa3 35.Re2 Kg8 36.Bd5 Qc5
37.Qxc5 bxc5 38.Re7  1-0

[Event "23rd Czech Open Rapid"]
[Site "Pardubice CZE"]
[Date "2012.07.19"]
[Round "4.12"]
[White "Zakhartsov,Vl"]
[Black "Oparin,G"]
[Result "1/2-1/2"]
[WhiteElo "2271"]
[BlackElo "2480"]

1.g3 d5 2.Nf3 Nf6 3.Bg2 c6 4.O-O Bg4 5.d4 e6 6.Nbd2 Nbd7 7.Re1 Be7 8.e4 dxe4
9.Nxe4 Nxe4 10.Rxe4 Bf5 11.Re1 O-O 12.c3 Qb6 13.Qb3 a5 14.Ne5 Qxb3 15.axb3 Nxe5
16.Rxe5 Bd8 17.Bf4 g5 18.Bd2 h6 19.Re2 Bd3 20.Re3 Bc2 21.b4 a4 22.Bf1 Bb3
23.b5 c5 24.dxc5 Be7 25.c6 bxc6 26.bxc6 Rac8 27.Bb5 Rfd8 28.Re2 Bc5 29.c4 Rd3
30.Ba5 Rd6 31.Bxa4 Bxa4 32.Rxa4 Rcxc6 33.Rd2 Bd4 34.Bb4 Rd7 35.Bc3 e5 36.Bxd4 exd4
37.Rd3 Re7 38.Rxd4 Re1+ 39.Kg2 Re2 40.Rd8+ Kg7 41.Ra3 Rxc4 42.Rd7 Rc6 43.Rf3 Rf6
44.b4 Rb2 45.Rxf6 Kxf6 46.Rd6+ Kg7 47.Rd4 h5 48.h4 f6 49.hxg5 fxg5 50.Rd5 Rxb4
51.Rxg5+ Kh6 52.f4 h4 53.Kh3 hxg3  1/2-1/2

[Event "23rd Czech Open Rapid"]
[Site "Pardubice CZE"]
[Date "2012.07.19"]
[Round "6.6"]
[White "Pap,G"]
[Black "Oparin,G"]
[Result "1/2-1/2"]
[WhiteElo "2566"]
[BlackElo "2480"]

1.g3 d5 2.Nf3 Nf6 3.Bg2 c6 4.O-O Bg4 5.d3 Nbd7 6.Nbd2 e5 7.e4 dxe4 8.dxe4 Be7
9.Qe1 O-O 10.Nc4 Qc7 11.Ne3 Rfe8 12.Nxg4 Nxg4 13.Qe2 Ngf6 14.a4 a5 15.Nd2 Nc5
16.Nc4 Ne6 17.c3 Nd7 18.Be3 Bc5 19.Rfd1 Bxe3 20.Qxe3 Ndc5 21.Bh3 Red8 22.Bxe6 Nxe6
23.Qb6 Qe7 24.Nxa5 Ng5 25.Rxd8+ Rxd8 26.Nxb7 Rd2 27.Rf1 Qf6 28.h4 Nf3+ 29.Kg2 Nxh4+
30.gxh4 Qf4 31.Qxc6  1/2-1/2

[Event "Sparkassen Open A"]
[Site "Dortmund GER"]
[Date "2012.07.20"]
[Round "7.9"]
[White "Mundorf,J"]
[Black "Kartsev,A2"]
[Result "1/2-1/2"]
[WhiteElo "2174"]
[BlackElo "2208"]

1.Nf3 d5 2.g3 Nf6 3.Bg2 c6 4.c4 Bg4 5.Ne5 Bh5 6.cxd5 Nxd5 7.Nc3 Nd7 8.Nf3 e6
9.O-O Be7 10.a3 O-O 11.d3 Qc7 12.Qc2 Rac8 13.Bd2 Qb8 14.Rac1 Rfd8 15.h3 h6
16.Qb1 N7b6 17.Rc2 Rd7 18.Qa2 Nf6 19.Rfc1 Rcd8 20.b4 e5 21.Nh4 Nfd5 22.Nf5 Bg5
23.Bxg5 Nxc3 24.Rxc3 hxg5 25.Ne3 Qd6  1/2-1/2

[Event "23rd Czech Open A"]
[Site "Pardubice CZE"]
[Date "2012.07.20"]
[Round "1.28"]
[White "Zakhartsov,Vl"]
[Black "Stefansson,H"]
[Result "0-1"]
[WhiteElo "2271"]
[BlackElo "2515"]

1.g3 d5 2.Nf3 Nf6 3.Bg2 c6 4.O-O Bf5 5.d3 h6 6.Nfd2 e6 7.e4 Bh7 8.Nc3 Be7
9.f4 O-O 10.h3 c5 11.g4 Nc6 12.Ne2 b5 13.Ng3 c4 14.Kh2 Rc8 15.dxc4 bxc4 16.e5 Nd7
17.Nf3 f6 18.exf6 Nxf6 19.Be3 Ne4 20.Nd4 Nxg3 21.Kxg3 Nxd4 22.Bxd4 Bf6 23.Kh2 Qd6
24.Kh1 Bxc2 25.Qxc2 Bxd4 26.Qd2 Qb6 27.f5 Qxb2 28.Qe1 Qxa1 29.Qxe6+ Kh8 30.Rxa1 Bxa1
31.Qe2 Rfe8 32.Qd1 Bc3 33.Qc2 Re1+ 34.Bf1 Bf6 35.Kg2 Re3 36.Qd2 d4 37.h4 c3
38.Qc2 d3  0-1

[Event "6th Varna Open"]
[Site "Varna BUL"]
[Date "2012.07.20"]
[Round "9.18"]
[White "Hristov,B"]
[Black "Ivanova,Si"]
[Result "0-1"]
[WhiteElo "1707"]
[BlackElo "1956"]

1.Nf3 d5 2.g3 c6 3.Bg2 Bg4 4.O-O e6 5.d4 Nf6 6.Nbd2 Nbd7 7.c4 Be7 8.Re1 O-O
9.e4 dxe4 10.Nxe4 Nxe4 11.Rxe4 Nf6 12.Re2 Qa5 13.Qb3 Qa6 14.Bf4 Rfd8 15.Rd2 Ne4
16.Rdd1 Rac8 17.h3 Bxf3 18.Bxf3 Nd6 19.Be2 Nf5 20.Be3 Bf6 21.Rd2 Nxd4 22.Bxd4 Bxd4
23.Rad1 c5 24.Bf3 Rc7 25.Kg2 Qd6 26.Qd3 Qe5 27.Re2 Qf6 28.Re4 Rcd7 29.b3 g6
30.Rf4 Qe7 31.b4 Be5 32.Qe4 Bxf4 33.Rxd7 Qxd7 34.Qxf4 cxb4  0-1

[Event "30th Andorra Open"]
[Site "Andorra la Vella AND"]
[Date "2012.07.21"]
[Round "1.19"]
[White "Sevenyuk,A"]
[Black "Alonso Rosell,A"]
[Result "0-1"]
[WhiteElo "1925"]
[BlackElo "2502"]

1.Nf3 d5 2.g3 Nf6 3.Bg2 g6 4.O-O Bg7 5.d4 O-O 6.Re1 c5 7.dxc5 Na6 8.c6 bxc6
9.Ne5 Qc7 10.f4 Rb8 11.Nd2 Qb6+ 12.Kh1 Nc5 13.c4 Nce4 14.Nxe4 Nxe4 15.Bxe4 dxe4
16.e3 Rd8 17.Qa4 Bxe5 18.fxe5 Bg4 19.Qc2 Bf3+ 20.Kg1 Rd3 21.c5 Qa5 22.Rf1 Rbd8
23.a3 Rd1 24.b4 Qb5 25.Rxd1 Rxd1+ 26.Qxd1 Bxd1 27.Ra2 Qc4  0-1

[Event "38th Sitges Open"]
[Site "Sitges ESP"]
[Date "2012.07.21"]
[Round "2.4"]
[White "Movsziszian,K"]
[Black "Chirivi C,Y"]
[Result "1-0"]
[WhiteElo "2469"]
[BlackElo "2212"]

1.g3 d5 2.Nf3 c6 3.Bg2 Bg4 4.c4 Nf6 5.Ne5 Bf5 6.cxd5 cxd5 7.Nc3 e6 8.Qa4+ Nfd7
9.Nxd5 exd5 10.Bxd5 Qc7 11.Nxf7 Na6 12.Nxh8 Nb4 13.Bf7+ Kd8 14.O-O a6 15.d3 Be7
16.Bf4 Qb6 17.Rac1 Nc6 18.Bd5 Nde5  1-0

[Event "ch-AUT 2012"]
[Site "Zwettl AUT"]
[Date "2012.07.21"]
[Round "1.9"]
[White "Ager,J"]
[Black "Schachinger,M"]
[Result "0-1"]
[WhiteElo "2170"]
[BlackElo "2382"]

1.Nf3 d5 2.g3 Nf6 3.Bg2 c6 4.O-O Bg4 5.d3 Nbd7 6.c4 e6 7.Nc3 Be7 8.b3 O-O
9.Bb2 a5 10.Qc2 Qc7 11.Rac1 Rfc8 12.Qd2 Bb4 13.a3 Bf8 14.cxd5 exd5 15.Nd4 Nc5
16.Nxd5 Nxd5 17.Bxd5 cxd5 18.b4 axb4 19.axb4 Qb6 20.bxc5 Bxc5 21.e3 Ra2 22.Rb1 Bxd4
23.exd4 h6 24.Rfe1 Bh3 25.Re5 Qb3 26.Re2 Bg4 27.f3 Bxf3 28.Rf2 Bh5 29.Ra1 Rxa1+
30.Bxa1 Bg6  0-1

[Event "Biel Exhibition Blitz"]
[Site "Biel SUI"]
[Date "2012.07.22"]
[Round "1.1"]
[White "Pelletier,Y"]
[Black "Morozevich,A"]
[Result "1-0"]
[WhiteElo "2599"]
[BlackElo "2770"]

1.Nf3 d5 2.g3 Bg4 3.Bg2 c6 4.c4 e6 5.O-O Nf6 6.d3 Nbd7 7.cxd5 cxd5 8.Qb3 Nc5
9.Qb5+ Qd7 10.Nc3 a6 11.Qxd7+ Ncxd7 12.Bf4 Be7 13.Rac1 O-O 14.Rc2 d4 15.Nb1 Nd5
16.Nxd4 Nxf4 17.gxf4 Bd6 18.e3 Nc5 19.Bf3 Bh3 20.Rd1 Rad8 21.Nc3 e5 22.fxe5 Bxe5
23.Nce2 b6 24.b4 Nd7 25.Nc6 Rde8 26.d4 Bd6 27.a3 f5 28.Rdc1 g5 29.Bg2 Bg4
30.Ng3 Bxg3 31.hxg3 f4 32.gxf4 gxf4 33.f3 Bh5 34.e4 Kh8 35.Kf2 b5 36.Rh1 Bg6
37.Bh3 Nb6 38.Ne5 Rf6 39.Rc7 Rd8 40.Nxg6+ Rxg6 41.Bf5 Rg7 42.Rxh7+ Rxh7 43.Rxh7+ Kg8
44.d5 Nc4 45.Ra7 Rd6 46.Be6+ Kf8 47.Rf7+ Ke8 48.Rxf4 Rb6 49.Rh4 Nxa3 50.e5 Nc4
51.d6  1-0

[Event "Biel Exhibition Blitz"]
[Site "Biel SUI"]
[Date "2012.07.22"]
[Round "1.3"]
[White "Pelletier,Y"]
[Black "Morozevich,A"]
[Result "0-1"]
[WhiteElo "2599"]
[BlackElo "2770"]

1.Nf3 d5 2.g3 c6 3.Bg2 Bg4 4.c4 e6 5.O-O Nd7 6.cxd5 cxd5 7.Nc3 Ngf6 8.Qb3 Nc5
9.Qb5+ Nfd7 10.d4 a6 11.Qb4 Ne4 12.Qxb7 Nd6 13.Qb3 Be7 14.Ne5 Nxe5 15.dxe5 Nc4
16.e4 Rb8 17.Qa4+ Qd7 18.Qxd7+ Kxd7 19.f3 Bh5 20.exd5 Rhc8 21.d6 Bd8 22.f4 Nxb2
23.Ne4 f5 24.Ng5 Nc4 25.Rd1 Bxd1  0-1

[Event "Sparkassen Open A"]
[Site "Dortmund GER"]
[Date "2012.07.22"]
[Round "9.23"]
[White "Elefteriadis,P"]
[Black "Strathoff,M"]
[Result "0-1"]
[WhiteElo "1880"]
[BlackElo "2074"]

1.Nf3 d5 2.g3 Nf6 3.Bg2 c5 4.O-O Nc6 5.d4 e6 6.c4 cxd4 7.Nxd4 Be7 8.Nc3 O-O
9.cxd5 exd5 10.Bg5 Be6 11.Qa4 Qb6 12.Nxe6 fxe6 13.Qb5 Qxb5 14.Nxb5 Rac8 15.Rac1 a6
16.Nc3 h6 17.Bxf6 Bxf6 18.e3 Nb4 19.Bh3 Kf7 20.Rb1 b5 21.Rfc1 Nd3 22.Rd1 Nxb2
23.Rxb2 Rxc3 24.Rbd2 Rfc8 25.Bf1 Ra3 26.Bd3 b4 27.Rb1 a5 28.Rb3 Rxb3 29.axb3 Rc3
30.Bc2 a4 31.bxa4 b3 32.Bb1 Rc1+  0-1

[Event "Turkish Bank Chess League 2012"]
[Site "Konya TUR"]
[Date "2012.07.22"]
[Round "13"]
[White "Pantsulaia,L"]
[Black "Guramishvili,S"]
[Result "1-0"]
[WhiteElo "2557"]
[BlackElo "2400"]

1.Nf3 d5 2.g3 Bg4 3.Bg2 Nd7 4.O-O e6 5.c4 Bd6 6.cxd5 exd5 7.Qb3 Nb6 8.Nc3 c6
9.a4 Ne7 10.a5 Nd7 11.d4 Rb8 12.e4 dxe4 13.Nxe4  1-0

[Event "5th Paleochora Open"]
[Site "Paleochora GRE"]
[Date "2012.07.22"]
[Round "8.18"]
[White "Kalogeris,I"]
[Black "Hamitevici,V"]
[Result "0-1"]
[WhiteElo "1923"]
[BlackElo "2429"]

1.g3 d5 2.Nf3 c6 3.Bg2 Bf5 4.O-O e6 5.b3 Nf6 6.Bb2 h6 7.d3 Be7 8.Nbd2 a5
9.a3 O-O 10.Ne1 Qb6 11.h3 Rd8 12.e3 a4 13.b4 c5 14.c3 Nc6 15.Qe2 Qa6 16.g4 Bh7
17.f4 Ne4 18.Qd1 Nxd2 19.Qxd2 f5 20.d4 cxb4 21.cxb4 Rac8 22.Rf2 Bh4 23.Re2 fxg4
24.hxg4 Na7 25.Nf3 Rc2 26.Qxc2 Bxc2 27.Rxc2 Qd3 28.Rc3 Qe2 29.Rac1 Bf2+ 30.Kh1 Qxb2
31.R1c2 Qb1+ 32.Rc1 Qg6 33.Ne5 Qf6 34.g5 hxg5 35.Ng4 Qf5 36.Nxf2 gxf4 37.Bh3 Qf6
38.exf4 Nb5 39.Rg3 Nxd4 40.Rc7 Nf5 41.Rg5 Qd4 42.Bxf5 exf5 43.Nd3 Rd6 44.Ne5 Rh6+
45.Kg2 Qd2+ 46.Kg1 Qe1+ 47.Kg2 Qh1+ 48.Kf2 Rh2+  0-1

[Event "23rd Czech Open A"]
[Site "Pardubice CZE"]
[Date "2012.07.22"]
[Round "3.5"]
[White "Arutinian,D"]
[Black "Oparin,G"]
[Result "1-0"]
[WhiteElo "2556"]
[BlackElo "2480"]

1.Nf3 d5 2.g3 Nf6 3.Bg2 c6 4.O-O Bg4 5.c4 e6 6.d3 Nbd7 7.cxd5 exd5 8.Nc3 Bc5
9.h3 Bh5 10.e4 dxe4 11.dxe4 O-O 12.Qc2 Re8 13.Bf4 Bxf3 14.Bxf3 Ne5 15.Bg2 Qe7
16.Rad1 Rad8 17.Bc1 Bb6 18.Kh1 Rxd1 19.Rxd1 Qe6 20.f4 Nh5 21.Ne2 Qc4 22.Qxc4 Nxc4
23.g4 Nf6 24.e5 Nd5 25.Bxd5 cxd5 26.b3 Na5 27.Rxd5 f6 28.Bb2 Nc6 29.Nc1 fxe5
30.fxe5 Rc8 31.Nd3 Nd8 32.a4 Ne6 33.a5 Bd8 34.b4 Be7 35.Bd4 a6 36.Rd7 Bxb4
37.Nxb4 Rc4 38.Bb6 Rxb4 39.Re7 Nf8 40.Rxb7 Rb5 41.Ra7 Rxe5 42.Rxa6 Nd7 43.Ra8+ Kf7
44.Bf2 Re2 45.Kg1 Ne5 46.a6 Nd3 47.Bb6 Re1+ 48.Kg2 Nf4+ 49.Kf2 Ra1 50.a7 Ra2+
51.Kf3 Nd5 52.Bc5  1-0